01430nam a2200181Ia 4500001001300000003001000013008004100023040002500064041000700089100002400096245008400120250001100204260004400215300001200259500091700271650003901188700002101227b6557-47108 IT-MiCISF161014s9999||||xx |||||||||||||| ||und|| aIT-MiCISFcIT-MiCISF ait aZattoni Mariateresa 0aCosì lontani, così vicinibCrescere come coppia tra difficoltà e speranza a1a ed. aAssisi (PG)bEdizioni Porziuncolac2009 app. 244 a / coppia, amore, matrimonio, sessualità, consulenza, conflitto, case-studies / Gli sposi si sentono spesso "lontani" tra loro e percepiscono tutta la distanza, la paura e l'isolamento all'interno del loro cammino. Il moderno contesto culturale non li aiuta a vivere il momento di crisi come un percorso di crescita e come un'occasione propizia per giungere alla pienezza d'amore. Come superare le lontananze, le incomprensioni e le difficoltà? Come gestire i conflitti? Come trasformare le delusioni in risorse? In queste pagine, gli AA. si propongono di offrire risposte concrete, per risvegliare la fiducia in tutte le coppie che, quotidianamente, vivono la fatica del loro cammino. Attraverso un'analisi della vita quotidiana e un'ampia serie di situazioni reali, l'esperienza del matrimonio viene riletta nell'ottica della Speranza, per riscoprire con gioia che è possibile sentirsi di nuovo "vicini". a Relazione di coppia / coppiae002 aGillini Gilberto